Score 0/20 Timer 04:00
0 Plays Today
British TV Show Missing Word % Correct
Till _____ Us Do Part Death
95.8%
Doctor ___Who
92.3%
Who Wants to Be a ___________?Millionaire
91.9%
Fawlty ______Towers
87.2%
Monty Python's Flying ______Circus
83.9%
____ on MarsLife
80%
Coronation ______Street
79.6%
Dad's ____Army
63.7%
Only Fools and ______Horses
63.6%
Father ___Ted
60.5%
British TV Show Missing Word % Correct
Inspector _____Morse
59.2%
Red _____Dwarf
58.7%
I'm Alan _________Partridge
57.3%
_______ with DinosaursWalking
54.9%
__________ ChallengeUniversity
50.7%
The Mighty _____Boosh
45.9%
_____ BooksBlack
37.2%
The _____ FamilyRoyle
28.8%
_____ Come HomeCathy
13.8%
Three ______, Two Weddings And A FuneralFights
5%

Today's Daily Dose

Remove Ads.
Support Sporcle.
Get the best of Sporcle when you Go Orange. This ad-free experience offers more features, more stats, and more fun while also helping to support Sporcle. Thank you for becoming a member.

You're not logged in!

Compare scores with friends on all Sporcle quizzes.
OR
Log In

Show Comments

Extras

Top Quizzes Today


Score Distribution

Your Account Isn't Verified!

In order to create a playlist on Sporcle, you need to verify the email address you used during registration. Go to your Sporcle Settings to finish the process.

Report this User

Report this user for behavior that violates our Community Guidelines.

Details: